Modern VLSI design : (Record no. 193524)

000 -LEADER
fixed length control field 01114 a2200253 4500
003 - CONTROL NUMBER IDENTIFIER
control field Nust
005 - DATE AND TIME OF LATEST TRANSACTION
control field 20221229171505.0
020 ## - INTERNATIONAL STANDARD BOOK NUMBER
International Standard Book Number 0-13-061970-1
040 ## - CATALOGING SOURCE
Transcribing agency Nust
082 1# - DEWEY DECIMAL CLASSIFICATION NUMBER
Classification number 621.395,WOL
100 1# - MAIN ENTRY--PERSONAL NAME
Personal name Wolf, Wayne
9 (RLIN) 66807
245 00 - TITLE STATEMENT
Title Modern VLSI design :
Remainder of title systems on silicon /
Statement of responsibility, etc. Wayne Wolf
250 ## - EDITION STATEMENT
Edition statement 2nd ed.
260 ## - PUBLICATION, DISTRIBUTION, ETC.
Place of publication, distribution, etc. Upper Saddle River, N.J. :
Name of publisher, distributor, etc. Prentice Hall PTR,
Date of publication, distribution, etc. cop. 2002
300 ## - PHYSICAL DESCRIPTION
Extent xx, 618 p
Other physical details ill.
505 ## - FORMATTED CONTENTS NOTE
Formatted contents note Digital Systems and VLSI (Page-1), Transistor and Layout (Page-33), Logic Gates (Page-111), Combinational Logic Networks (Page-185), Subsystem Design (Page-311), Floor planning (Page-359), Architecture Design (Page-399), Chip Design (Page-473), CAD Systems and Algorithms (Page-509), A Chip Designer’s Lexicon (Page-553).
650 #7 - SUBJECT ADDED ENTRY--TOPICAL TERM
Topical term or geographic name entry element Integrated circuits
650 #7 - SUBJECT ADDED ENTRY--TOPICAL TERM
Topical term or geographic name entry element Integrated circuits
General subdivision Very large scale integration
9 (RLIN) 2955
650 #7 - SUBJECT ADDED ENTRY--TOPICAL TERM
Topical term or geographic name entry element Integrerade kretsar
9 (RLIN) 2959
650 #7 - SUBJECT ADDED ENTRY--TOPICAL TERM
Topical term or geographic name entry element Integrerade kretsar (Datorteknik)
9 (RLIN) 2957
650 #7 - SUBJECT ADDED ENTRY--TOPICAL TERM
Topical term or geographic name entry element Low voltage integrated circuits
General subdivision Design and construction
-- Data processing
9 (RLIN) 2956
650 #7 - SUBJECT ADDED ENTRY--TOPICAL TERM
Topical term or geographic name entry element VLSI
9 (RLIN) 2958
942 ## - ADDED ENTRY ELEMENTS (KOHA)
Source of classification or shelving scheme
Koha item type Book
Holdings
Withdrawn status Lost status Source of classification or shelving scheme Damaged status Not for loan Permanent Location Current Location Shelving location Date acquired Full call number Barcode Date last seen Price effective from Koha item type Public note
          Military College of Signals (MCS) Military College of Signals (MCS) General Stacks 12/12/2016 621.395,WOL MCS28581 12/08/2016 12/12/2016 Book Almirah No.40, Shelf No.5
          Military College of Signals (MCS) Military College of Signals (MCS) General Stacks 12/12/2016 621.395,WOL MCS30812 12/08/2016 12/12/2016 Book Almirah No.40, Shelf No.5
© 2023 Central Library, National University of Sciences and Technology. All Rights Reserved.